| 000 | 00582nam a22001697a 4500 | ||
|---|---|---|---|
| 003 | BD-DhUL | ||
| 005 | 20161006190817.0 | ||
| 008 | 161006b xxu||||| |||| 00| 0 eng d | ||
| 040 | _cBD-DhUL | ||
| 082 |
_a294.5211 _bRAM |
||
| 100 | _aরহমান, মোখলেসুর | ||
| 245 |
_aমাতৃকা / _cরহমান, মোখলেসুর |
||
| 260 |
_aঢাকা : _bবাংলা একাডেমি, _c১৯৮৯. |
||
| 300 |
_a১২০ পৃ. : _c২২ সেমি. _bচিত্র ; |
||
| 650 |
_aইতিহাস _xHistory |
||
| 942 |
_2ddc _cBK |
||
| 999 |
_c107146 _d107146 |
||